Az érdem zsarnoksága mi történt a közjóval?
Elmentve itt :
| Szerző: | |
|---|---|
| További közreműködők: | |
| Adatforrás: | Philobibl |
| Dokumentumtípus: | Könyv |
| Nyelv: | magyar |
| Kulcsszavak: | politikai filozófia meritokrácia elit esélyegyenlőség társadalmi mobilitás demokrácia szolidaritás |
| Megjelent: |
Budapest
MCC Press
2024
|
| LEADER | 01043nam a2200217 c 4500 | ||
|---|---|---|---|
| 001 | bibMOK08839715 | ||
| 005 | 20250402124130.4 | ||
| 008 | 240328s2024 hu b 00100 hun d | ||
| 100 | 1 | |a Sandel, Michael J. | |
| 245 | 1 | 3 | |a Az érdem zsarnoksága |b mi történt a közjóval? |c Michael J. Sandel ; [ford. Tóth Bálint] |
| 260 | |a Budapest |b MCC Press |c 2024 | ||
| 300 | |a 316 p. | ||
| 505 | 0 | 0 | |g 1., |t Győztesek és vesztesek |g (p. 25-41.) ; |g 2., |t "Nagyszerű, mert jó" - az érdem rövid erkölcstörténete |g (p. 43-72.) ; |g 3., |t A felemelkedés retorikája |g (p. 73-97.) ; |g 4., |t Kredencializmus: az utolsó elfogadható előítélet |g (p. 99-135.) ; |g 5., |t Sikeretika |g (p. 137-183.) ; |g 6., |t A válogatógép |g (p. 186-232.) ; |g 7., |t A munka elismerése |g (p. 233-262.) ; |g 8., |t Következtetés: az érdem és a közjó |g (p. 263-268.) |
| 695 | |a politikai filozófia | ||
| 695 | |a meritokrácia | ||
| 695 | |a elit | ||
| 695 | |a esélyegyenlőség | ||
| 695 | |a társadalmi mobilitás | ||
| 695 | |a demokrácia | ||
| 695 | |a szolidaritás | ||
| 700 | 1 | |a Tóth Bálint | |